Mental abnormality and crime (Record no. 1324916)

MARC details
000 -LEADER
fixed length control field 00494nam a2200181Ia 4500
005 - DATE AND TIME OF LATEST TRANSACTION
control field 20250508150650.0
008 - FIXED-LENGTH DATA ELEMENTS--GENERAL INFORMATION
fixed length control field 008 250505s9999 xx 000 0 eng d
037 ## - SOURCE OF ACQUISITION
Stock number Textual
040 ## - CATALOGING SOURCE
Original cataloging agency FEDL
Language of cataloging eng
Transcribing agency FEDL
041 ## - LANGUAGE CODE
Language code of text/sound track or separate title eng
Source of code eng
084 ## - COLON CLASSIFICATION NUMBER
Classification number 157, MEN
Assigning agency FEDL
245 #0 - TITLE STATEMENT
Title Mental abnormality and crime
260 ## - PUBLICATION, DISTRIBUTION, ETC.
Place of publication, distribution, etc. London, UK
Name of publisher, distributor, etc. Macmillan and Co. Ltd.
Date of publication, distribution, etc. 1949
300 ## - PHYSICAL DESCRIPTION
Extent vi,316p.
650 ## - SUBJECT ADDED ENTRY--TOPICAL TERM
Topical term or geographic name entry element Abnormal Psychology
942 ## - ADDED ENTRY ELEMENTS (KOHA)
Koha item type Textual
Classification part 157, MEN
Holdings
Withdrawn status Lost status Damaged status Not for loan Home library Current library Date acquired Total Checkouts Full call number Barcode Date last seen Price effective from Koha item type
        Department of Education Library Department of Education Library 2025-05-08   157, MEN EL0004235 2025-05-08 2025-05-08 Textual
Copyright @ Delhi University Library System